Online
Catalog

Les justes : (Record no. 34378)

MARC details
000 -CABECERA
campo de control de longitud fija 00657nam a2200205 a 4500
001 - NÚMERO DE CONTROL
campo de control 000034887
005 - FECHA Y HORA DE LA ÚLTIMA TRANSACCIÓN
campo de control 20200930073950.0
008 - DATOS DE LONGITUD FIJA--INFORMACIÓN GENERAL
campo de control de longitud fija 111021s1950 es 000 0 spa d
040 ## - FUENTE DE LA CATALOGACIÓN
Centro catalogador/agencia de origen DO-SdBNP
Lengua de catalogación spa
Centro/agencia transcriptor BNPHU
082 ## - NÚMERO DE LA CLASIFICACIÓN DECIMAL DEWEY
Número de clasificación 842.9
Número de documento/Ítem C211L
049 ## - FONDOS LOCALES (OCLC)
Fondos de biblioteca BNPD
100 1# - ENTRADA PRINCIPAL--NOMBRE DE PERSONA
Nombre de persona Camus, Albert,
Fechas asociadas al nombre 1913-1960.
9 (RLIN) 4231
245 10 - MENCIÓN DE TÍTULO
Título Les justes :
Resto del título pièce en cinq actes /
Mención de responsabilidad, etc. Albert Camus.
260 ## - PUBLICACIÓN, DISTRIBUCIÓN, ETC.
Lugar de publicación, distribución, etc. [Paris.] :
Nombre del editor, distribuidor, etc. Gallimard,
Fecha de publicación, distribución, etc. 1950.
300 ## - DESCRIPCIÓN FÍSICA
Extensión 212 p. ;
Dimensiones 19 cm.
590 ## - NOTA LOCAL (RLIN)
Nota local Perteneció a la biblioteca personal de Juan Isidro Jimenes Grullón.
650 #4 - PUNTO DE ACCESO ADICIONAL DE MATERIA--TÉRMINO DE MATERIA
Término de materia o nombre geográfico como elemento de entrada Teatro francés
9 (RLIN) 5359
650 #4 - PUNTO DE ACCESO ADICIONAL DE MATERIA--TÉRMINO DE MATERIA
Término de materia o nombre geográfico como elemento de entrada Literatura francesa
9 (RLIN) 1074
910 ## - DATOS DE OPCIÓN DEL USUARIO (OCLC)
Datos de opción del usuario Validado. Control de calidad MFF
Holdings
Estado de retiro Estado de pérdida Restricciones de uso No para préstamo Código de colección Localización permanente Ubicación/localización actual Ubicación en estantería Fecha de adquisición Número de inventario Total de préstamos Signatura topográfica completa Código de barras Fecha visto por última vez Precio válido a partir de Tipo de ítem Koha Nota pública
    Préstamo interno   Raros y valiosos General General Depósito 21.10.2011 LF1   842.9 C211L 34887-10 25.06.2020 25.06.2020 Préstamo interno Perteneció a la biblioteca personal de Juan Isidro Jimenes Grullón.

Powered by Koha